Most Career Strikeout by a Hitter - Statistics

General Stats
  • This quiz has been taken 139 times
  • The average score is 10 of 25
Answer Stats
Hint Answer # Seasosn # Strikeouts % Correct
5. Alex Rodriguez 22 2,287
81%
4. Sammy Sosa 18 2,306
67%
1. Reggie Jackson 21 2,597
66%
2. Jim Thome 22 2,548
58%
6. Miguel Cabrera 20+ 2,105
57%
19. Derek Jeter 20 1,840
55%
22. Manny Ramirez 19 1,813
54%
9. Jose Canseco 17 1,942
51%
18. Ryan Howard 13 1,843
50%
14. Mike Schmidt 18 1,883
46%
3. Adam Dunn 14 2,379
45%
17. Chris Davis 13 1,852
43%
20. Giancarlo Stanton 13+ 1,820
41%
10. Willie Stargell 21 1,936
36%
12. Nelson Cruz 18 1,916
35%
21. Dave Kingman 16 1,816
28%
15. Fred McGriff 19 1,882
27%
11. Mark Reynolds 13 1,927
23%
16. Tony Perez 23 1,867
21%
7. Andres Galarraga 19 2,003
17%
23. Alfonso Soriano 16 1,803
14%
19. Bobby Abreu 18 1,840
12%
8. Justin Upton 16 1,971
12%
12. Curtis Granderson 16 1,916
9%
13. Mike Cameron 17 1,901
7%
No matching quizzes found
Score Distribution
Percent of People with Each Score
Percentile by Number Answered
Your Score History
You have not taken this quiz